000 00702nam a2200217 i 4500
001 27785
003 ES-MaACL
005 20230906153716.0
007 t|
008 030115s1913 fr ||||1| fre d
100 1 _aAynard, Raymond.
_924186
245 1 2 _aL'ouvre française en Algerie /
_cRaymond Aynard ; preface de M. C. Jonnart.
250 _a2eme ed.
260 _aParís :
_bHachette,
_c1913 (
_fCorbeil Creté)
300 _aVI, 357 p. ;
_c19 cm.
651 4 _aArgelia-
_xHistoria-
_y1830-1962.
_9172924
651 4 _aFrancia-
_xRelaciones-
_zArgelia.
_9172925
651 4 _aFrancia-
_xColonias-
_zÁfrica.
_98675
700 1 _aJonnart, Charles (
_d1857-1927)
_9172911
852 _aES-MaACL
_jF-2998
999 _c27785
_d27785